Mexe-te ! (Registo nº 4439)

Detalhes MARC
000 -Etiqueta do registo
Cabeçalho 00833nam a2200301 4500
005 - Identificador da versão
Campo de controlo 20240904164704.0
010 ## - Número internacional normalizado dos livros (ISBN)
Número (ISBN) 989500088X
021 ## - Número do Depósito Legal
Código do país PT
Número 218150/04
035 ## - Other System Control Numbers
System Control Number (bn)1363081
System Control Number 1363081
100 ## - Dados gerais de processamento
Dados gerais de processamento 20060126d2004 d y0pory5003 ba
101 1# - Língua de publicação
Língua do texto, banda sonora, etc. Português
Língua do documento no original Inglês
102 ## - Pais de publicação ou produção
País de publicação Portugal
105 ## - Campo de dados codificados: livros
Dados codificados dos livros a z 001yy
106 ## - Campo de dados codificados: material textual
Dados codificados do material textual r
200 1# - Titulo e menção de responsabilidade
Título próprio Mexe-te !
Primeira menção de responsabilidade Anita Ganeri
Outras menções de responsabilidade trad. Maria João Rodrigues
210 ## - Publicação, Distribuição, etc. 
Lugar da edição, distribuição, etc. Rio de Mouro
Nome do editor, distribuidor, etc. Everest
Data da publicação, distribuição, etc. imp. 2004
215 ## - Descrição física 
Indicação específica da natureza do documento e extensão da espécie 31 p.
Outras indicações físicas il.
Dimensões 27 cm
225 1# - Colecção 
Título próprio da colecção O nosso corpo
304 ## - Notas relativas a título e menção de responsabilidade 
Texto da nota Tít. orig.: Get a move om!
606 ## - Nome comum usado como assunto
Número de registo de entrada de autoridade 0001273
Palavra de ordem Aparelho locomotor
Subdivisão de assunto [Publicações infantis]
Código do sistema SIPOR
675 ## - Classificação Decimal Universal (CDU)
Notação 087.5
Edição BN
Língua da edição por
Notação 611.7(0.053.2)
Edição BN
Língua da edição por
700 #1 - Nome de autor-pessoa física (responsabilidade principal)
Número de registo de entrada de autoridade 0000102
Palavra de ordem Ganeri
Outra parte do nome não tomada para palavra de ordem Anita
702 #1 - Nome de autor-pessoa física (responsabilidade secundária)
Número de registo de entrada de autoridade 0000103
Palavra de ordem Rodrigues
Outra parte do nome não tomada para palavra de ordem Maria João
Código de função Tradutor
942 ## - Elementos de entrada adicionados (Koha)
Tipo de item no Koha Livro
Exemplares
Situação do levantamento Origin of item (home branch) (coded) Biblioteca de empréstimo Código de barras Cota Circulation type (not for loan) Tipo de documento Nota do exemplar Damaged status
  Biblioteca Escolar das Vendas Biblioteca Escolar das Vendas BEV1003/2005 | 2005 6 ANA GAN   Livro Sem mensagem  
  Biblioteca Escolar das Vendas Biblioteca Escolar das Vendas BEV1023/2005 | 2005 6 ANA GAN   Livro Sem mensagem